| 000 | 00885cab a2200313 4500 | ||
|---|---|---|---|
| 001 | ABS58273 | ||
| 008 | 090401t1998 xxu||||| |||| 00| 0 eng d | ||
| 035 | _a(Sirsi) u84612 | ||
| 041 | _aeng | ||
| 245 | _aRegional survey: Berkshire | ||
| 260 | _c1998 | ||
| 350 | _a0 | ||
| 490 |
_aProperty Week _v61(7) 20 February 1998, 40-68(11) |
||
| 650 | _aARLINGTON BUSINESS PARK | ||
| 650 | _aBERKSHIRE | ||
| 650 | _aBRACKNELL | ||
| 650 | _aINDUSTRIAL MARKET | ||
| 650 | _aMAIDENHEAD | ||
| 650 | _aNEWBURY | ||
| 650 | _aPROPERTY-COMMERCIAL PROPERTY-OFFICE PROPERTY-OFFICE PROPERTY MARKET | ||
| 650 | _aREADING | ||
| 650 | _aPROPERTY-COMMERCIAL PROPERTY-RETAIL PROPERTY-RETAIL PROPERTY MARKET | ||
| 650 | _aSLOUGH | ||
| 650 | _aTHEALE | ||
| 650 | _aWOKINGHAM | ||
| 690 | _aPROPERTY-COMMERCIAL PROPERTY-COMMERCIAL PROPERTY MARKET | ||
| 942 | _n0 | ||
| 948 | _c02/03/1998 | ||
| 999 |
_c53190 _d53190 |
||